Normal view
MARC view
- Phillis, Yannis A.,
Entry Personal Name
001 - CONTROL NUMBER
- control field: 82577
003 - CONTROL NUMBER IDENTIFIER
- control field: NUST
005 - DATE AND TIME OF LATEST TRANSACTION
- control field: 20210921120405.0
008 - FIXED-LENGTH DATA ELEMENTS
- fixed length control field: 210921|| aca||aabn | a|a d
040 ## - CATALOGING SOURCE
- Original cataloging agency: NUST
- Transcribing agency: NUST
100 ## - HEADING--PERSONAL NAME
- Personal name: Phillis, Yannis A.,
- Dates associated with a name: 1950-
670 ## - SOURCE DATA FOUND
- Source citation: Work cat.: (NUST)31911: Zhang, Runtong. 82576, Fuzzy Control of Queuing Systems /, 2005.
